| 000 | 00536nam a22001937a 4500 | ||
|---|---|---|---|
| 999 |
_c171916 _d171916 |
||
| 005 | 20200123122525.0 | ||
| 010 | _aB-70533 | ||
| 020 |
_c80.00 _a8187666285 |
||
| 035 | _aB-70533 | ||
| 037 | _bBPPD/Pub. | ||
| 082 | _a841 | ||
| 100 | _aاحمد فراز | ||
| 245 |
_aشب خون / _cاحمد فراز |
||
| 246 |
_aShab Khoon (Urdu) / _bby Ahmed Faraz |
||
| 260 |
_aDelhi _bKitabi Duniya _c2002 ء |
||
| 270 |
_a1955, Turkman Gate _bDelhi _e110006 |
||
| 300 |
_a99p. _c22cm(Hb) |
||
| 942 |
_2ddc _cUR _h841 _mا ح م |
||